00793nam a2200205Ia 4500008004100000020001500041041001200056082001100068100001900079245006900098250000800167260002500175300000800200650001600208700001500224942000700239999001500246952015800261952016800419221030s9999 xx 000 0 und d a0070595011 aEnglish a105.23 aA. Leon-Garcia 0aCommunication Networks- Fundamentals Concept & Key Archittecture a2nd bTMHaNew Delhic2007 a900 aBE Computer aI. Widjaja cBK c5690d5690 pBE 9561g350.00l0o105.23 r2024-06-13 00:00:00w2022-10-30yBK003Print4071aMIETLIBbMIETLIBcBL-Second, FL-1, CUP-55, SH-4, R-4d2008-04-2810HBE pBE 9562g350.00l0o105.23 r2024-06-13 00:00:00w2022-10-30yBK003Print4070aMIETLIBbMIETLIBcBL-Academic Block C, FL-2, CUP-29, SH-5, R-5d2008-04-2810HBE